Holiday Quiz

Random Holiday or Halloween Quiz
Score 0/30 Timer 10:00
0 Plays Today
Answer % Correct
Ghost
81.9%
Vampire
77.1%
Frankenstein
76.2%
Zombie
73.3%
Werewolf
69.5%
Witch
68.6%
Mummy
62.9%
Dracula
49.5%
Skeleton
40%
Devil
37.1%
Goblin
35.2%
Demon
34.3%
Troll
29.5%
Alien
26.7%
Headless Horseman
17.1%
Answer % Correct
Swamp Monster
15.2%
Phantom of the Opera
14.3%
Grim Reaper
13.3%
Mr. Hyde
12.4%
Invisible Man
11.4%
Banshee
10.5%
Boogey Man
8.6%
Mad Scientist
7.6%
Igor
6.7%
Gargoyle
5.7%
Hell Hound
5.7%
Werecat
4.8%
Killer Clowns
4.8%
Bloody Mary
4.8%
Killer Dolls
3.8%

You're not logged in!

Compare scores with friends on all Sporcle quizzes.
OR
Log In

Sporcle TV

Today on Sporcle TV


Watch our educational content, quiz creation guides, and fun videos on Sporcle TV.

Show Comments

Extras

Created Sep 24, 2013ReportNominate
Tags:Halloween Quiz, Monster, Related

Top Quizzes Today


Score Distribution

Paid Content

Your Account Isn't Verified!

In order to create a playlist on Sporcle, you need to verify the email address you used during registration. Go to your Sporcle Settings to finish the process.

Report this User

Report this user for behavior that violates our Community Guidelines.

Details: